000 00442nam a2200193Ia 4500
005 20250326144217.0
008 250326s9999 xx 000 0 und d
037 _aTextbook
040 _aFMSL
_beng
_cFMSL
041 _aeng
_2eng
084 _qFMSL
100 _aHeyel C
245 0 _aForeman's handbook
_cHeyel C
250 _a4
260 _aNY
_bNY, M G H
_c1967
300 _a591p
942 _cTB
999 _c1302812
_d1302812